Szczegóły MARC21

Słownik angielsko-polski polsko-angielski : geologia /

005 -DATA I CZAS OSTATNIEJ MODYFIKACJI [,]
    • @
    • pole kontrolne
    • 20110426122441.0
020 -Międzynarod. znormalizowany nr książki - ISBN [ , ]
    • a
    • Numer ISBN
    • 9788301162962 Find
040 -Instytucja sporządzająca opis [ , ]
    • a
    • Instytucja, która sporządziła opis (NP)
    • SZCZ U/BK
    • c
    • Instytucja, która sporządziła rekord (NP)
    • SZCZ U/KLR
    • d
    • Instytucja, która zmodyfikowała rekord (P)
    • SZCZ U/MS
041 -Język dokumentu [0, ]
    • a
    • Język tekstu (P)
    • polski
    • a
    • Język tekstu (P)
    • angielski
044 -Kraj miejsca wydania [ , ]
    • a
    • Kraj miejsca wydania
    • Polska
942 -Rodzaj dokumentu [ , ]
    • c
    • Rodzaj dokumentu
    • Książka
100 -Hasło główne - nazwa osobowa [1, ]
    • 9
    • KHW
    • 23930
    • a
    • Nazwa osobowa (NP)
    • Migaszewski, Zdzisław M.
245 -Strefa tytułu i oznaczenia odpowiedzialności [1,0]
    • a
    • Tytuł
    • Słownik angielsko-polski polsko-angielski : Find
    • b
    • Ciąg dalszy tytułu (NP)
    • geologia / Find
    • c
    • Pozostałe elementy strefy tytułu i oznaczenia odpowiedzialności (NP)
    • Zdzisław M. Migaszewski, Agnieszka Gałuszka ; [red. Jadwiga Hass].
260 -Strefa adresu wydawniczego [ , ]
    • a
    • Miejsce wydania (P)
    • Warszawa :
    • b
    • Nazwa wydawcy (P)
    • Wydawnictwo Naukowe PWN,
    • c
    • Data wydania (P)
    • 2010.
300 -Strefa opisu fizycznego [ , ]
    • a
    • Określenie formy książki i/lub objętość (NP)
    • 499 s., [2] s. ;
    • c
    • Format (NP)
    • 20 cm.
500 -Uwaga ogólna [ , ]
    • a
    • Uwaga ogólna (NP)
    • Słownik zawiera ok. 32 000 specjalistycznych haseł i podhaseł tworzących odrębne jednostki znaczeniowe. Obejmuje aktualne słownictwo z zakresu geologii oraz nauk pokrewnych, w tym geochemii, geomorfologii, geofizyki, geoturystyki, górnictwa, hydrogeologii, mineralogii, ochrony środowiska, paleontologii, petrologii, sedymentologii, gleboznawstwa, stratygrafii, tektoniki.
500 -Uwaga ogólna [ , ]
    • a
    • Uwaga ogólna (NP)
    • Na okł. dziedziny w jęz. pol. i ang.: geochemia, geofizyka, geologia dynamiczna...[etc.].
500 -Uwaga ogólna [ , ]
    • a
    • Uwaga ogólna (NP)
    • Druk dwuszpaltowy.
080 -Uniwersalna Klasyfikacja Dziesiętna [ , ]
    • 2
    • Identyfikator wydania tablic
    • UDC-P058
    • 9
    • UKD
    • 4238
    • a
    • Symbol klasyfikacji
    • 55
    • b
    • Dopowiedzenie
    • Geologia i nauki pokrewne. Meteorologia. Hydrologia.
    • 4
    • UKD2
    • 7663
    • x
    • Poddział wspólny
    • (038)
    • c
    • Dopowiedzenie poddz. wspólnego
    • (Słowniki).
    • 4
    • UKD2
    • 7644
    • x
    • Poddział wspólny
    • =111
    • c
    • Dopowiedzenie poddz. wspólnego
    • =Język angielski.
    • 4
    • UKD2
    • 7660
    • x
    • Poddział wspólny
    • =162.1
    • c
    • Dopowiedzenie poddz. wspólnego
    • =Język polski.
980 -Symbol UKD [ , ]
    • a
    • UKD
    • 55(038)=111=162.1
700 -Hasło dodatkowe - nazwa osobowa [1, ]
    • 9
    • KHW
    • 23933
    • a
    • Nazwa osobowa (NP)
    • Gałuszka, Agnieszka Find
    • c
    • Dopowiedzenie inne niż daty biograficzne (NP)
    • (geologia).
700 -Hasło dodatkowe - nazwa osobowa [1, ]
    • 9
    • KHW
    • 23931
    • a
    • Nazwa osobowa (NP)
    • Hass, Jadwiga. Find
    • e
    • Określenie rodzaju współpracy
    • Red.
920 -ISBN [ , ]
    • a
    • ISBN
    • 978-83-01-16296-2 Find
Status udost. Numer inwentarzowy Data inwentaryzacji Lokalizacja
1Z.1151902011-03-25BG